| 000 | 00815cam a2200253 a 4500 | ||
|---|---|---|---|
| 001 | 3723764 | ||
| 003 | OSt | ||
| 005 | 20230703151045.0 | ||
| 008 | 811215s1980 ru b 000 0 eng | ||
| 010 | _a 80153570 | ||
| 015 | _aUSSR*** | ||
| 040 |
_aDLC _cDLC _dDLC |
||
| 043 | _ae-ur--- | ||
| 082 | 0 | 0 |
_a342.5 _bILI |
| 245 | 0 | 4 |
_aThe Fundamental law of the USSR / _c[pod obshcheĭ redakt︠s︡ieĭ P.N. Fedoseeva ; translated from the Russian by Lenina Ilitskaya]. |
| 260 |
_aMoscow : _bProgress Publishers, _cc1980. |
||
| 300 |
_a372, [2] p., 1 l. ; _c21 cm. |
||
| 504 | _aIncludes bibliographical references. | ||
| 650 | 0 |
_aConstitutional law _zSoviet Union. |
|
| 700 | 1 |
_aFedoseev, P. N. _q(Petr Nikolaevich) |
|
| 906 |
_a7 _bcbc _corignew _d3 _encip _f19 _gy-gencatlg |
||
| 942 |
_2ddc _cBK |
||
| 999 |
_c3376 _d3376 |
||